[Event "Challenge"]
[Site "http://www.queenalice.com/game.php?id=1309277"]
[Date "2014.9.19"]
[Round "-"]
[White "Phsilva"]
[Black "Edmorf"]
[Result "0-1"]
[WhiteElo "1645"]
[BlackElo "1813"]

1. e4 e5 2. Nf3 d6 3. d3 Bg4 4. Be2 Be6 5. Bg5 Be7 6. Qd2 h6 7. Be3 c5 8. c4 Nf6
9. Nc3 O-O 10. O-O Nc6 11. a3 Na5 12. Qc2 Ng4 13. Bd2 Nc6 14. Nb5 Nd4 15. Nfxd4
cxd4 16. Qb3 a6 17. Nc3 dxc3 18. Bxc3 Rb8 19. h3 Nf6 20. Rfd1 b5 21. Qa2 Qb6 22.
d4 Nxe4 23. b3 Nxc3 24. Qc2 Nxe2+ 25. Qxe2 exd4 26. cxb5 axb5 27. b4 Rfe8 28.
Rd3 Bc4 29. Rc1 Bg5 30. Qxe8+ Rxe8 31. Rxc4 bxc4 32. Rf3 Qc7 33. g3 Qe7 34. Kg2
Qe4 35. b5 c3 36. a4 c2 37. b6 c1=Q 38. a5 Qd1 39. b7 Qdxf3+ 0-1

[Event "AUTO-OPEN-3332"]
[Site "http://www.queenalice.com/game.php?id=1309621"]
[Date "2014.9.22"]
[Round "1"]
[White "Phsilva"]
[Black "Guigafmoraes"]
[Result "0-1"]
[WhiteElo "1708"]
[BlackElo "1262"]

1. e4 d6 2. d4 Nf6 3. c3 Nbd7 4. Bb5 c6 5. Ba4 g6 6. Qe2 e5 7. dxe5 Nxe5 8. Bg5
Be7 9. Nh3 Bxh3 10. gxh3 h6 11. Bxf6 Bxf6 12. b4 b5 13. Bb3 a5 14. a4 axb4 15.
cxb4 Nd3+ 16. Qxd3 Bxa1 17. Qf3 Qf6 18. Qxf6 Bxf6 19. Nd2 bxa4 20. Ba2 Bc3 21.
f4 Bxb4 22. Kd1 Bxd2 23. Kxd2 Rb8 24. Re1 Rb2+ 25. Kd3 Rxa2 26. e5 d5 27. e6
fxe6 28. Rxe6+ Kd7 29. Rxg6 Rb8 30. Rxh6 c5 31. f5 Rb3# 0-1

[Event "AUTO-OPEN-3332"]
[Site "http://www.queenalice.com/game.php?id=1309622"]
[Date "2014.9.22"]
[Round "1"]
[White "Guigafmoraes"]
[Black "Phsilva"]
[Result "1-0"]
[WhiteElo "1232"]
[BlackElo "1675"]

1. d4 d5 2. c4 Nc6 3. Nf3 e6 4. Nc3 Bb4 5. e3 Bxc3+ 6. bxc3 Nf6 7. Bd3 O-O 8.
O-O Ne7 9. Qe2 Bd7 10. a4 b6 11. Rd1 a5 12. Ba3 Ng4 13. h3 Nh6 14. Ne5 Bxa4 15.
Bxe7 Qxe7 16. Rxa4 Qe8 17. Raa1 f6 18. Ng4 Nxg4 19. Qxg4 h5 20. Qg3 c5 21. Bg6
Qe7 22. Bxh5 a4 23. Bg6 e5 24. Qh4 exd4 25. Qh7# 1-0

[Event "AUTO-OPEN-3332"]
[Site "http://www.queenalice.com/game.php?id=1309623"]
[Date "2014.9.22"]
[Round "1"]
[White "Phsilva"]
[Black "Michihall"]
[Result "0-1"]
[WhiteElo "1708"]
[BlackElo "1848"]

1. e4 e5 2. d3 Nf6 3. Nf3 Nc6 4. Bg5 Be7 5. c4 O-O 6. Be2 h6 7. O-O hxg5 8. Nxg5
Nd4 9. Bh5 Nxh5 10. Nxf7 Rxf7 11. Qxh5 Rf6 12. Nc3 Rh6 13. Qg4 d5 14. Qg3 Bf6
15. cxd5 b5 16. h3 b4 17. Rae1 Qe8 18. Ne2 Bxh3 19. gxh3 Rg6 20. Qxg6 Qxg6+ 21.
Kh1 Nxe2 22. Rxe2 Rf8 23. Rg1 Qh5 24. Re3 Bh4 25. Rf1 Bxf2 26. Rxf2 Rxf2 27. Rg3
Qd1+ 28. Rg1 Rf1 29. Rxf1 Qxf1+ 30. Kh2 Qxd3 0-1

[Event "AUTO-OPEN-3332"]
[Site "http://www.queenalice.com/game.php?id=1309624"]
[Date "2014.9.22"]
[Round "1"]
[White "Michihall"]
[Black "Phsilva"]
[Result "1-0"]
[WhiteElo "1858"]
[BlackElo "1682"]

1. d4 d5 2. c4 dxc4 3. Nc3 e5 4. dxe5 Qxd1+ 5. Nxd1 Nc6 6. Nf3 Be7 7. Nc3 Be6 8.
e3 Nh6 9. Nd2 Nxe5 10. f4 Neg4 11. Nxc4 O-O 12. Be2 Bh4+ 13. g3 Bf6 14. Ne4 a6
15. h3 Nxe3 16. Nxf6+ gxf6 17. Nxe3 Nf5 18. Nxf5 Bxf5 19. g4 Be4 20. O-O Rfe8
21. Bf3 Bxf3 22. Rxf3 Re1+ 23. Kf2 Rae8 24. b3 R8e2+ 25. Kg3 Rg1+ 26. Kh4 Rh2
27. Rg3 Rhh1 28. Rxg1 Rxg1 29. Bb2 Rxa1 30. Bxa1 c5 31. Bxf6 b5 32. Be7 c4 33.
bxc4 bxc4 34. Bf6 Kf8 35. Kh5 Ke8 36. Kh6 Kd7 37. Kxh7 Kc6 38. Kg7 a5 39. h4 Kd5
40. h5 Ke4 41. h6 Kxf4 42. h7 1-0

[Event "Challenge"]
[Site "http://www.queenalice.com/game.php?id=1309989"]
[Date "2014.9.23"]
[Round "-"]
[White "Phsilva"]
[Black "Eggchaser"]
[Result "1-0"]
[WhiteElo "1637"]
[BlackElo "1834"]

1. e4 e5 2. d3 h6 3. c4 Bb4+ 4. Bd2 Qe7 5. Nf3 Nc6 6. Be2 Bxd2+ 7. Qxd2 d6 8.
Nc3 Nf6 9. O-O Bg4 10. b3 O-O 11. h3 Bxf3 12. Bxf3 Nd4 13. Qe3 Nc2 14. Qc1 Nxa1
15. Qxa1 c6 16. Qb2 1-0

[Event "AUTO-OPEN-3223"]
[Site "http://www.queenalice.com/game.php?id=1310650"]
[Date "2014.9.26"]
[Round "2"]
[White "RIVAS"]
[Black "Phsilva"]
[Result "1-0"]
[WhiteElo "2395"]
[BlackElo "1671"]

1. d4 d5 2. Nf3 Nc6 3. g3 Nf6 4. Bg2 e6 5. O-O Be7 6. Nbd2 O-O 7. c4 dxc4 8.
Nxc4 Nd5 9. e4 Ndb4 10. a3 Na6 11. Be3 Bd7 12. Qc2 b6 13. d5 exd5 14. exd5 Na5
15. Nxa5 bxa5 16. Qc4 Qb8 17. Qxa6 Qxb2 18. Rfb1 Qc3 19. Bd4 Qd2 20. Nxd2 Bc8
21. Qxa5 Rd8 22. Qxc7 Rd7 23. Qc3 Ba6 24. Bxg7 Rxd5 25. Bxd5 Rd8 26. Bb7 1-0

[Event "AUTO-OPEN-3223"]
[Site "http://www.queenalice.com/game.php?id=1310651"]
[Date "2014.9.26"]
[Round "2"]
[White "Phsilva"]
[Black "RIVAS"]
[Result "0-1"]
[WhiteElo "1650"]
[BlackElo "2391"]

1. e4 e6 2. d4 d5 3. e5 c5 4. dxc5 Nc6 5. Nf3 Bxc5 6. Nc3 Qb6 7. Bb5 Bxf2+ 8.
Kf1 Bd7 9. Qd2 Bc5 10. Qf4 d4 11. Ne2 Qxb5 12. Qe4 f5 13. Qh4 Nge7 14. Qg5 O-O
15. Nh4 Nxe5 16. Bf4 d3 17. cxd3 Nxd3 18. Be5 Nxe5 19. Qf4 Nd3 20. Qf3 Bc6 21.
Qg3 f4 22. Qg4 Nf5 23. Nxf5 exf5 24. Qg5 Qxb2 25. Rd1 Rae8 26. Qh5 f3 0-1

[Event "AUTO-OPEN-3223"]
[Site "http://www.queenalice.com/game.php?id=1310658"]
[Date "2014.9.26"]
[Round "2"]
[White "Phsilva"]
[Black "pedrolopez"]
[Result "0-1"]
[WhiteElo "1673"]
[BlackElo "2570"]

1. e4 Nf6 2. d3 d5 3. Nc3 dxe4 4. dxe4 Qxd1+ 5. Nxd1 Nxe4 6. Bd3 Nc5 7. Nf3
Nxd3+ 8. cxd3 Bf5 9. Ne5 f6 10. Nf3 Bxd3 11. Ne3 Nc6 12. Nd5 O-O-O 13. Nf4 e5
14. Nxd3 Rxd3 15. O-O Bc5 16. Ne1 Rd1 17. a3 Nd4 18. b4 Ne2+ 19. Kh1 Bd4 20. Rb1
Nxc1 21. g3 Bxf2 22. Rxf2 Rxe1+ 23. Kg2 Nd3 24. Rxe1 Nxe1+ 25. Kf1 Nd3 26. Rd2
Rd8 27. Rd1 f5 28. h3 e4 29. Ke2 f4 30. gxf4 Nxf4+ 31. Ke1 Rxd1+ 32. Kxd1 e3 33.
Ke1 Kd7 0-1

[Event "AUTO-OPEN-3223"]
[Site "http://www.queenalice.com/game.php?id=1310659"]
[Date "2014.9.26"]
[Round "2"]
[White "pedrolopez"]
[Black "Phsilva"]
[Result "1-0"]
[WhiteElo "2568"]
[BlackElo "1691"]

1. e4 e5 2. d4 Nc6 3. d5 Nb4 4. Nf3 d6 5. c4 Bg4 6. Qa4+ Qd7 7. Qxb4 Bxf3 8.
Qxb7 Qd8 9. Qc6+ Ke7 10. gxf3 Nf6 11. Bh3 Ng4 12. Bxg4 f5 13. Bg5+ Kf7 14. Bxd8
Rxd8 15. exf5 Rc8 16. f6 gxf6 17. Bxc8 Be7 18. Be6+ Kg6 19. Rg1+ Kh6 20. Qd7 Bf8
21. Qf7 1-0

[Event "Challenge"]
[Site "http://www.queenalice.com/game.php?id=1320375"]
[Date "2014.11.4"]
[Round "-"]
[White "Phsilva"]
[Black "betofortaleza"]
[Result "0-1"]
[WhiteElo "1689"]
[BlackElo "1925"]

1. e4 e5 2. c4 Bc5 3. d3 d6 4. Nf3 h6 5. Nc3 Nf6 6. Be2 Nc6 7. O-O Bg4 8. Bd2
Qd7 9. Nd5 Nxd5 10. Nh4 Bxe2 11. Qxe2 Nd4 12. Qd1 Nf6 13. Be3 O-O-O 14. b3 g5
15. Nf5 Nxf5 16. Bd2 Bd4 17. Rc1 Nh4 18. Bc3 g4 19. g3 Nf3+ 20. Kg2 h5 0-1

[Event "Challenge"]
[Site "http://www.queenalice.com/game.php?id=1321049"]
[Date "2014.11.8"]
[Round "-"]
[White "ORNELAS"]
[Black "Phsilva"]
[Result "1-0"]
[WhiteElo "1599"]
[BlackElo "1669"]

1. e4 e5 2. Bc4 c5 3. Qh5 g6 4. Qxe5+ Be7 5. Qxh8 Kf8 6. Qxh7 Nf6 7. Qh6+ Kg8 8.
e5 Ng4 9. Bxf7+ Kxf7 10. Qh7+ Ke6 11. Qxg6+ Nf6 12. Nf3 Qf8 13. Ng5+ Kd5 14.
Qd3+ Kc6 15. exf6 Qxf6 16. h4 Qe5+ 17. Ne4 Bf8 18. Kf1 d6 19. Nbc3 a6 20. b4 Bf5
21. bxc5 Bg7 22. Qc4 Bxe4 23. Qa4+ b5 24. Qxe4+ 1-0